000 00416nam a2200181Ia 4500
008 210210b1926 xxu||||| |||| 00| 0 eng d
041 _aeng
082 _a822/1236
100 _aTURNBALL (L H)
245 _aGolden deeds of India
260 _aLondon
_bOxford University Press
_c1926
650 _aof
650 _aIndia
650 _aGolden
650 _adeeds
690 _aEnglish Prose
906 _a013418
999 _c132286
_d132286